Zaniknuté kúpele /

Saved in:
Bibliographic Details
Main Author: Kostelník, Martin (Author)
Format: Book
Language:Slovak
Published: Bratislava : DAJAMA, 2022
Edition:1. vydanie
Series:Edícia KS
Subjects:
Tags: Add Tag
No Tags, Be the first to tag this record!

MARC

LEADER 00000nam a22000003a 4500
001 0103523
003 SK-STU
005 20250220111815.8
007 ta
008 230719s ----xo-----e------000-0-----d
020 |a 978-80-8136-145-6 
040 |a STU  |b slo 
041 0 |a slo 
044 |a xo 
100 1 |a Kostelník, Martin  |4 aut 
245 1 0 |a Zaniknuté kúpele /  |c aut. Martin Kostelník 
250 |a 1. vydanie 
260 |a Bratislava :  |b DAJAMA,  |c 2022 
300 |a 160 s. 
490 0 |a Edícia KS 
650 0 7 |a kúpele 
650 0 7 |a Slovensko 
650 0 7 |a architektonické pamiatky 
650 0 7 |a dejiny 
650 0 7 |a sanatórium 
996 |b 284AU09749  |c A* 13110/U  |l AAKNST  |s P  |a 0  |w 0103523_0001 
996 |b 284AU09750  |c A* 13111/U  |l AAKNAR  |s A  |a 24  |w 0103523_0002